| 000 | 00658nam a2200229Ia 4500 | ||
|---|---|---|---|
| 003 | OSt | ||
| 005 | 20220923214454.0 | ||
| 006 | a|||||r|||| 00| 0 | ||
| 007 | ta | ||
| 008 | 220922b |||||||| |||| 00| 0 hin d | ||
| 024 | _a169,783 | ||
| 037 | _cTextual | ||
| 040 |
_aARTS _cARTS _bhin |
||
| 041 |
_2hin _ahin |
||
| 082 | _aO152:3M95:12, H9 | ||
| 100 | _aसांकृत्यायन, राहुल | ||
| 245 | 0 | _aआज की राजनीति | |
| 246 | _aĀj kī rājanīti | ||
| 260 | _c1949 | ||
| 942 |
_hO152:3M95:12, H9 _cTEXL _2CC |
||
| 999 |
_c324203 _d324203 |
||